|
|
|
|
| LEADER |
00000nam a22000007a 4500 |
| 005 |
20170407230230.0 |
| 007 |
cr|||| |||| |
| 008 |
170407s2015 co |||||s|||| 00||0 spa d |
| 020 |
|
|
|a 978-958-771-191-2
|
| 035 |
|
|
|a 20249
|
| 040 |
|
|
|a vLex
|
| 090 |
|
|
|c 6636
|d 6636
|
| 100 |
1 |
|
|a Cardozo Cuenca, Hernǹ
|
| 245 |
1 |
0 |
|a Contabilidad de Entidades de Economa̕ Solidaria bajo NIIF para PYME
|h [Recurso electrn̤ico] /
|c Hernǹ Cardozo Cuenca
|
| 256 |
|
|
|a Servicio en ln̕ea
|
| 260 |
|
|
|a Bogot:̀
|b ECOE,
|c 2015
|
| 300 |
|
|
|a 1 recurso electrn̤ico
|
| 506 |
1 |
|
|a Disponible solo en los productos indicados
|d vLex Global
|d vLex Global (Academic Edition, excluding Law Schools)
|d vLex Global (U.S. Academic Edition, Law Schools)
|d vLex Global (U.S. Academic Edition, excluding Law Schools)
|d vLex Global (Academic Edition, Law Schools)
|
| 650 |
0 |
4 |
|a Contabilidad
|z Colombia
|
| 650 |
0 |
4 |
|a Derecho Fiscal
|z Colombia
|
| 740 |
0 |
|
|a vLex Libros (Servicio en ln̕ea)
|
| 856 |
4 |
0 |
|u http://vlex.com/source/contabilidad-entidades-economia-solidaria-niif-pyme-20249
|z Acceso restringido
|
| 942 |
|
|
|c BOOK
|
| 999 |
0 |
|
|a Accounting
|
| 999 |
0 |
|
|a Tax Law
|